| 000 | 00490nam a2200169Ia 4500 | ||
|---|---|---|---|
| 999 |
_c27901 _d27901 |
||
| 003 | OSt | ||
| 005 | 20201215152657.0 | ||
| 008 | 190216s9999||||xx |||||||||||||| ||und|| | ||
| 040 | _coclc | ||
| 082 |
_a894.8124 _bMUN/A |
||
| 100 |
_aMundassery, Joseph _91940 |
||
| 245 | 0 |
_aAssan Kavitha Oru Patanam / _cJoseph Mundassery |
|
| 260 |
_bCurrent Books, _aTrissur: _c1995. |
||
| 300 | _a132p | ||
| 650 | _aLekhanam | ||
| 942 |
_cBK _2ddc _h894.8124 _iMUN/A _k894.8124 _mMUN/A |
||